<?xml version="1.0" encoding="UTF-8"?>
<collection xmlns="http://www.loc.gov/MARC21/slim">
  <record>
    <leader>00000nam  2200000   4500</leader>
    <controlfield tag="001">INLIS000000000018268</controlfield>
    <controlfield tag="005">20240923015838</controlfield>
    <datafield tag="035" ind1="#" ind2="#">
      <subfield code="a">0010-0924000097</subfield>
    </datafield>
    <controlfield tag="007">ta</controlfield>
    <controlfield tag="008">240923###########################0######</controlfield>
    <datafield tag="245" ind1="#" ind2="#">
      <subfield code="a">KOMPAS SELAYAR :</subfield>
      <subfield code="b">Klinik Konsultasi Penggaran SIPD /</subfield>
      <subfield code="c">Nur Sofyansyah, S. STP., M.AP</subfield>
    </datafield>
    <datafield tag="260" ind1="#" ind2="#">
      <subfield code="a">Makassar :</subfield>
      <subfield code="b">Puslatbang KMP LAN RI Makassar,</subfield>
      <subfield code="c">2024</subfield>
    </datafield>
    <datafield tag="300" ind1="#" ind2="#">
      <subfield code="a">19 ;</subfield>
      <subfield code="c">30</subfield>
    </datafield>
    <datafield tag="650" ind1="#" ind2="4">
      <subfield code="a">APBD transparan dan akuntabel</subfield>
    </datafield>
    <datafield tag="700" ind1=" " ind2="#">
      <subfield code="a">Drs. Muhtar, M.M (Mentor)</subfield>
    </datafield>
    <datafield tag="700" ind1=" " ind2="#">
      <subfield code="a">Ahmad Sukarno, S.IP., M. Adm. SDA (Coach)</subfield>
    </datafield>
    <datafield tag="520" ind1="#" ind2="#">
      <subfield code="a">Kabupaten Kepulauan Selayar adalah Kabupaten yang terletak di ujung selatan Pulau Sulawesi. Selayar sering disebut dengan "Surga Tersembunyi Diujung Kaki Sulawesi". Pengelolaan keuangan daerah yang transparan, akuntabel, dan Value of Money menjadi prinsip dalam penyusunan APBD. "Kompas Selayar"merupakan akronim dari Klinik Konsultasi Penganggaran SIPD. Kompas Selayar hadir sebagai wadah bagi perangkat daerah untuk berkonsultasi dalam penyusunan APBD. "Kompa Selayar" memiliki filosofi sebagai petunjuk arah. Ibaratnya jika perangkat daerah mengalami kendala maka "Kompas Selayar" menjadi solusi yang sangat tepat. Inovasi ini digagas dengan tujuan agar penyusunan penganggaran di Kabupaten Kepulauan Selayar dapat berjalan sesuai prinsip penyusunan APBD. "Kompas Selayar"tidak akan berjalan tanpa dukungan dan kerja sama yang baik bersama Tim Kerja dan dukungan para stakeholder yang terlibat.</subfield>
    </datafield>
    <datafield tag="856" ind1="#" ind2="#">
      <subfield code="a">Puslatbang KMP LAN RI Makassar</subfield>
    </datafield>
  </record>
</collection>
